Koľko je u Kabáta Kabátovcov Prerušená tradícia nepoznačila vysokú kvalitu

Zakladanie firmy KABÁT. História firmy. Podnikateľská činnosť. Stratégia firmy. Rodinný podnik.

Salvato in:
Dettagli Bibliografici
Autore principale: Seewaldová, A.
Natura: Capitolo di libro
Lingua:slovacco
Soggetti:
Tags: Aggiungi Tag
Nessun Tag, puoi essere il primo ad aggiungerne!!

MARC

LEADER 00000naa a2200000 4500
001 r018770
005 20221213100445.0
041 0 |a slo 
044 |a SK 
245 1 0 |a Koľko je u Kabáta Kabátovcov  |b Prerušená tradícia nepoznačila vysokú kvalitu  |c A. Seewaldová 
520 |a Zakladanie firmy KABÁT. História firmy. Podnikateľská činnosť. Stratégia firmy. Rodinný podnik. 
610 2 0 |a podnikanie 
610 2 0 |a Kabát, K. 
610 2 0 |a Kabát, s.r.o. Bratislava 
610 2 0 |a podnik rodinný 
610 2 0 |a mäsopriemysel 
100 1 |a Seewaldová, A.